20 Biggest Cities in Connecticut - Statistics

General Stats
  • This quiz has been taken 99 times
  • The average score is 11 of 20
Answer Stats
Hint Answer % Correct
148,131 Bridgeport
96%
119,626 Hartford
96%
137,173 New Haven
96%
136,480 Stamford
85%
115,360 Waterbury
78%
64,049 West Hartford
67%
86,254 Danbury
66%
50,621 East Hartford
66%
63,531 Greenwich
62%
92,980 Norwalk
62%
54,596 West Haven
52%
74,521 New Britain
49%
61,892 Bristol
40%
63,786 Fairfield
40%
59,942 Meriden
34%
48,323 Middletown
33%
50,417 Milford
32%
59,748 Hamden
26%
59,417 Manchester
26%
52,437 Stratford
26%
No matching quizzes found
Score Distribution
Percent of People with Each Score
Percentile by Number Answered
Your Score History
You have not taken this quiz